000
00209nmm a2200085Ia 4500
008
220120s9999||||xx |||||||||||||||||und||
100
_a
EFY
245
0
_a
PC linux OS, LXQT 2016 desktop
260
_a
EFY enterprises
999
_c
140013
_d
140013